000 00696nam a2200217Ia 4500
008 220216s9999 xx 000 0 und d
100 _aPhilip S
245 0 _aUse of PCR technique for characterising the LMW RNA isolated from TPD affected rubber plants
260 _bIn: Tapping Panel Dryness of Rubber Trees (Eds.James Jacob; R Krishnakumar and N.M. Mathew) Rubber Research Institute of India, Kottayam, 2006, pp.189-192.
650 _aLMW-RNA
650 _aRT-PCR
650 _aTPD
650 _aViroid
700 _aAbraham Thomson
700 _aChacko N
700 _aCina Ann Zacharia
700 _aJacob C K
700 _aMathew J
700 _aRamachandran P
942 _cBS
999 _c50753
_d50753